| 000 | 01659cam a22004694i 4500 | ||
|---|---|---|---|
| 003 | PE-LiUPU | ||
| 005 | 20250731173535.0 | ||
| 008 | 150616s1993 xxk r 000 0 spa d | ||
| 020 | _a0805465863 | ||
| 035 | _a(Sirsi) i9780805465860 | ||
| 040 |
_aPE-LiUPU _bspa _cPE-LiUPU _erda |
||
| 049 | _aPRUA | ||
| 082 | 0 | 4 |
_a268.09 _bR34 _221 |
| 100 | 1 |
_aReed, James E., _eautor. |
|
| 245 | 1 | 2 |
_aA History of Christian Education / _cJames E. Reed. |
| 264 | 1 |
_aNashville, Tennessee : _bBroadman and Holman Publishers, _c1993. |
|
| 300 |
_a386 páginas ; _c22 centímetros |
||
| 336 |
_atext _2rdacontent |
||
| 337 |
_aunmediated _2rdamedia |
||
| 338 |
_avolume _2rdacarrier |
||
| 504 | _aBibliografía: páginas 376-379. | ||
| 505 | 0 | _aEducation in ancient societies.- Ancient christian education.- Christian education in the middle ages.- Christian education in the renaissance and reformation. | |
| 526 | _aSEG42 | ||
| 526 | _aSEG41 | ||
| 526 | _aSEG40 | ||
| 526 | _aSEG39 | ||
| 526 | _aP94 | ||
| 526 | _aP87 | ||
| 526 | _aP86 | ||
| 526 | _aP85 | ||
| 526 | _aP77 | ||
| 526 | _aP76 | ||
| 526 | _aP35 | ||
| 650 | 0 | 4 |
_aEducación cristiana _xHistoria. |
| 910 |
_ajck _bjvq _cjck |
||
| 942 |
_2ddc _cBOOK |
||
| 949 |
_a268.09 R34 _wDEWEY _c1 _i42381 _lCCODEBUL1 _mBUL _r0 _sY _tBOOK _u2015-6-16 _xTEOLOGIA _zUNKNOWN _0COMPRA _o.STAFF. Colección Teología |
||
| 994 |
_aC0 _bPEPRU |
||
| 596 | _a1 | ||
| 999 |
_a268.09 R34 _wDEWEY _c60216 _i42381 _d60216 _e2017-4-6 _f2021-11-10 _g5 _lCCODEBUL1 _mBUL _n4 _p20.00 _q4 _r0 _sY _tBOOK _u2015-6-16 _xTEOLOGIA _PP35 _0COMPRA _o.STAFF. Colección Teología |
||
| 980 |
_81 _gALBERTO SANCHEZ Responsable de Automatización |
||